African Countries that Start with S - Statistics

General Stats
  • This quiz has been taken 609 times
  • The average score is 8 of 10
Answer Stats
Country % Correct
South Sudan
96%
Sudan
96%
South Africa
95%
Somalia
94%
Senegal
92%
Seychelles
87%
Sierra Leone
85%
Sao Tome and Principe
80%
Swaziland
80%
Spain
14%
No matching quizzes found
Score Distribution
Percent of People with Each Score
Percentile by Number Answered
Your Score History
You have not taken this quiz